| 000 | 00708nam a2200193 i 4500 | ||
|---|---|---|---|
| 001 | 115749 | ||
| 003 | ES-MaACL | ||
| 005 | 20250811071125.0 | ||
| 007 | t| | ||
| 008 | 070511s1935 sp ||||1| spa d | ||
| 080 | _a378.14(463.3 S.)"1933/34" | ||
| 110 | 2 |
_aUniversidad Internacional de Verano de Santander. _9172249 |
|
| 245 | 1 | 3 |
_aLa Universidad Internacional de Verano en Santander _b: resumen de sus trabajos, 1933-1934. |
| 260 |
_aMadrid : _bMinisterio de Instrucción Pública y Bellas Artes, _c1935. |
||
| 300 |
_a374 p., 6 lám. ; _c21 cm. |
||
| 710 | 1 |
_aEspaña. _bMinisterio de Instrucción Pública y Bellas Artes _9226896 |
|
| 852 |
_aES-MaACL _jC-6993 |
||
| 999 |
_c115749 _d115749 |
||